Pharmaceutical engineering (Record no. 360785)

MARC details
000 -LEADER
fixed length control field 00519 a2200193 4500
005 - DATE & TIME
control field 20250205142721.0
008 - FIXED-LENGTH DATA ELEMENTS--GENERAL INFORMATION
fixed length control field 250205b |||||||| |||| 00| 0 eng d
020 ## - ISBN
International Standard Book Number 9789395161206
Price Rs. 499.00
040 ## - CATALOGING SOURCE
Original cataloging agency VIVEKANANDA LIBRARY
082 ## - DDC NUMBER
Classification number 615.19
Book Number S44P(3)
100 ## - MAIN ENTRY--PERSONAL NAME
Personal name Sambamurthy, K
245 ## - TITLE STATEMENT
Title Pharmaceutical engineering
250 ## - EDITION STATEMENT
Edition statement 3rd
260 ## - PUBLICATION, DISTRIBUTION, ETC. (IMPRINT)
Name of publisher, distributor, etc New Age International Publishers
Place of publication, distribution, etc New Delhi
Date of publication, distribution, etc 2023
300 ## - PHYSICAL DESCRIPTION
Pages xx, 556
650 ## - Subject
Subject Pharmaceutical Science
650 ## - Subject
Subject Pharmaceutical Engineering
942 ## - ADDED ENTRY ELEMENTS (KOHA)
Koha item type Books
Holdings
Withdrawn status Lost status Source of classification or shelving scheme Damaged status Not for loan Location (home branch) Sublocation or collection (holding branch) Shelving location Date acquired Koha issues (times borrowed) Koha full call number Accession No. Koha date last seen Koha item type
    Dewey Decimal Classification     VIVEKANANDA LIBRARY VIVEKANANDA LIBRARY Vivekananda Library 31/01/2025   615.19 S44P(3) 442003 31/01/2025 Books
    Dewey Decimal Classification     VIVEKANANDA LIBRARY VIVEKANANDA LIBRARY Vivekananda Library 31/01/2025   615.19 S44P(3) 442001 31/01/2025 Books
    Dewey Decimal Classification     VIVEKANANDA LIBRARY VIVEKANANDA LIBRARY Vivekananda Library 31/01/2025 2 615.19 S44P(3) 442004 11/11/2025 Books
    Dewey Decimal Classification     VIVEKANANDA LIBRARY VIVEKANANDA LIBRARY Vivekananda Library 31/01/2025   615.19 S44P(3) 442000 31/01/2025 Books
    Dewey Decimal Classification     VIVEKANANDA LIBRARY VIVEKANANDA LIBRARY Vivekananda Library 31/01/2025   615.19 S44P(3) 442002 31/01/2025 Books
© Designed and Maintained by Vivekananda Library, MDU Rohtak